000 00598nam a2200241Ia 4500
003 OSt
005 20221007103106.0
006 a|||||r|||| 00| 0
007 ta
008 221006b |||||||| |||| 00| 0 eng d
024 _a12,210
037 _cTextual
040 _aLCO
_cLCO
_beng
041 _2eng
_aeng
082 _aV2:2:(Z), N6
100 _aBasu D.D.
245 0 _aShorter Constitution of India
250 _a12th
260 _aAgra
_bWadhwa and Company India
_c1996
300 _a1402
942 _hV2:2:(Z), N6
_cTEXL
999 _c1181773
_d1181773